| 000 | 00000nam 2200000za 4500 |
| 001 | 9.576406 |
| 003 | CaOODSP |
| 005 | 20210624185125 |
| 007 | cr ||||||||||| |
| 008 | 150406|1990||||xxc|||||o f|0| 0 eng d |
| 040 | |aCaOODSP|beng |
| 043 | |an-cn--- |
| 086 | 1 |aJS74-3/4-1990E-PDF |
| 245 | 00|aPost-complaint management |h[electronic resource] : |bthe impact of complaint procedures on police discipline / |cby Clifford D. Shearing with assistance from Lorraine Boucher and Julia Powditch. |
| 260 | |aOttawa : |bRoyal Canadian Mounted Police External Review Committee. |cc1990. |
| 300 | |a53 p. |
| 490 | 1 |aDiscussion paper series ; |v4 |
| 500 | |aIncorrect Cat. No. (JS74-4/1-1990) and ISBN (0-662-57724-8) printed on this publication. |
| 590 | |a13-11-Supp|b2013-04-26 |
| 710 | 1 |aCanada. |bRoyal Canadian Mounted Police External Review Committee. |
| 775 | 08|tLe traitement ultérieur des plaintes |w(CaOODSP)9.605613 |
| 830 | #0|aDiscussion paper series (Royal Canadian Mounted Police External Review Committee)|v4|w(CaOODSP)9.507473 |
| 856 | 40|ahttp://publications.gc.ca|qPDF|s143 KB|uhttps://publications.gc.ca/collections/collection_2013/cee-erc/JS74-3-4-1990-eng.pdf|y4 |